000 01233cam a2200265 i 4500
003 SA-RiAUC
005 20260313135150.0
008 260113s1927 ua g 100r0 ara c
040 _aSA-RiAUC
_bara
_cSA-RiAUC
_erda
082 0 4 _a219.306
090 _aم ن 219.306
_bم ؤ ت
111 2 _aمؤتمر العالم الإسلامي.
_n(1 :
_d1344 هجري :
_cمكة المكرمة)
245 1 0 _aصحيفة موجزة بأعمال مؤتمر العالم الإسلامي الأول بمكة المكرمة عام 1344 هـ. بناء على دعوة جلالة ملك الحجاز وسلطان نجد وملحقاتها.
264 1 _aالإسكندرية، مصر :
_b[الناشر غير محدد]،
_c[1927]
264 3 _a[مكان الطبع غير محدد] :
_bمطبعة نهضة الشرق.
300 _a48 ورقة ؛
_c29 سم
336 _aنص
_btxt
_2rdacontent
_3كتاب
337 _aبدون وسيط
_bn
_2rdamedia
338 _aمجلد
_bnc
_2rdacarrier
650 7 _aالإسلام والإصلاح السياسي
_2aucsh
650 7 _aالوحدة العربية
_2aucsh
650 7 _aالدعوة الإسلامية
_2aucsh
942 _2ddc
_cRBOOK COPY
_n0
949 _aSA-JeALM
_d260113
_umohamedma123
_n1
999 _c14574
_d14574